书目信息 |
| 题名: |
梁启超评传
|
|
| 作者: | 蒋广学 , 何卫东 | |
| 分册: | 上 | |
| 出版信息: | 南京 南京大学出版社 2011.4 |
|
| 页数: | 288页 | |
| 开本: | 23cm | |
| 丛书名: | 中国思想家评传丛书 | |
| 单 册: | ||
| 中图分类: | B259.15 | |
| 科图分类: | ||
| 主题词: | 梁启超--评传 | |
| 电子资源: | ||
| ISBN: | 978-7-305-06019-9 | |
| 000 | 00761nam0 2200253 45 | |
| 001 | 512 | |
| 005 | 20120531150219.32 | |
| 010 | @a978-7-305-06019-9@dCNY41.50(上下册83.00) | |
| 100 | @a20120328d2010 ekmy0chiy0120 ea | |
| 101 | 0 | @achi |
| 102 | @aCN@b320000 | |
| 105 | @ay z 000yy | |
| 106 | @ar | |
| 200 | 1 | @a梁启超评传@ALiang Qi Chao Ping Chuan@h上@HShang@f蒋广学,何卫东著@FJiang Guang Xue, He Wei Dong Zhu |
| 210 | @a南京@c南京大学出版社@d2011.4 | |
| 215 | @a288页@d23cm | |
| 225 | 2 | @a中国思想家评传丛书 |
| 461 | 0 | @12001 @a中国思想家评传丛书 |
| 606 | 0 | @a梁启超@x评传 |
| 690 | @aB259.15@v4 | |
| 701 | 0 | @a蒋广学@AJiang Guang Xue |
| 701 | 0 | @a何卫东@AHe Wei Dong@4著 |
| 801 | 0 | @aCN@bTSTCL@c20120328 |
| 905 | @b0810685-89@dB259.15@e53:1@f5 | |
| 梁启超评传.上/蒋广学,何卫东著.-南京:南京大学出版社,2011.4 |
| 288页;23cm.-(中国思想家评传丛书) |
| ISBN 978-7-305-06019-9:CNY41.50(上下册83.00) |
| ● |
| 相关链接 |
|
|
|
|
正题名:梁启超评传
索取号:B259.15/53:1
 
预约/预借
| 序号 | 登录号 | 条形码 | 馆藏地/架位号 | 状态 | 备注 |
| 1 | 0810685 | 208106850 | 第一样本阅览室/ [索取号:B259.15/53:1] | 在馆 | |
| 2 | 0810686 | 208106869 | 第一借阅区/ [索取号:B259.15/53:1] | 在馆 | |
| 3 | 0810687 | 208106878 | 第一借阅区/ [索取号:B259.15/53:1] | 在馆 | |
| 4 | 0810688 | 208106887 | 第一借阅区/ [索取号:B259.15/53:1] | 在馆 | |
| 5 | 0810689 | 208106896 | 第一借阅区/ [索取号:B259.15/53:1] | 在馆 |